|
|
|
|
| LEADER |
00000nam a2200000 a 4500 |
| 001 |
UCY8718 |
| 003 |
CL-VaPUC |
| 008 |
950707e19540000SP |||||||||||||||||spa|d |
| 082 |
0 |
4 |
|a 862
|b UNA
|2 21
|
| 100 |
0 |
|
|a Unamuno, Miguel de
|e author
|9 312478
|
| 245 |
1 |
0 |
|a Teatro
|
| 246 |
1 |
0 |
|a Fedra
|
| 246 |
1 |
0 |
|a Soledad
|
| 246 |
1 |
0 |
|a Raquel encadenada
|
| 246 |
1 |
0 |
|a Medea
|
| 300 |
|
|
|a 224 p
|
| 942 |
|
|
|c BK
|
| 945 |
|
|
|d 19950707 00:00:00
|a rbrito
|
| 260 |
|
|
|a Barcelona
|b Juventud
|c 1954
|
| 650 |
|
0 |
|a Dramas españoles
|9 267081
|
| 583 |
|
|
|a last modification
|c 19950707 00:00:00
|k Rodrigo Vera
|
| 999 |
|
|
|c 235938
|d 235936
|
| 952 |
|
|
|0 0
|1 0
|4 0
|6 862_000000000000000_UNA_1954
|7 0
|8 A
|9 243682
|a BIBEDU
|b BIBEDU
|d 2019-11-18
|i 3096807
|o 862 UNA 1954
|p 3096807
|r 2019-11-18
|w 2019-11-18
|y BK
|k LIT
|